Drawn Flags #1 - Statistics

General Stats
  • This quiz has been taken 33 times
  • The average score is 31 of 39
Answer Stats
Picture Answer % Correct
Bhutan
96%
Cyprus
96%
India
96%
Ireland
96%
Sri Lanka
96%
Angola
92%
Belgium
92%
Papua New Guinea
92%
Seychelles
92%
Vatican City
92%
Brunei
88%
Cameroon
88%
Uganda
88%
Colombia
84%
Ivory Coast
84%
Lithuania
84%
Niger
84%
Benin
80%
Ethiopia
80%
Grenada
80%
Myanmar
80%
Afghanistan
76%
Germany
76%
Ghana
76%
Mali
76%
North Macedonia
76%
Spain
76%
São Tomé & Príncipe
72%
Vanuatu
72%
Zimbabwe
72%
Guinea-Bissau
68%
Guyana
68%
Mozambique
68%
Guinea
64%
Mauritius
64%
Rep. of the Congo
64%
Senegal
64%
Togo
64%
Bolivia
60%
No matching quizzes found
Score Distribution
Percent of People with Each Score
Percentile by Number Answered
Your Score History
You have not taken this quiz